Loading...
| Painting/Sculpture | 0 | 9 | 1 | 0 | 85 | 21 | 51.67 | 2 | 9 | 0.00 | 0.00 |
| Fine Arts - Classical Music | 0 | 7 | 0 | 0 | 70 | 36 | 63.14 | 2 | 5 | 0.00 | 0.00 |
| Literature - World | 0 | 8 | 2 | 0 | 70 | 16 | 41.00 | 6 | 8 | 0.00 | 0.00 |
| Literature - British | 0 | 7 | 2 | 0 | 60 | 34 | 64.14 | 2 | 6 | 0.00 | 0.00 |
| Literature - European | 0 | 7 | 2 | 0 | 60 | 40 | 58.57 | 4 | 6 | 0.00 | 0.00 |
| Philosophy | 0 | 5 | 0 | 0 | 50 | 23 | 53.60 | 1 | 5 | 0.00 | 0.00 |
| Science - Other | 0 | 5 | 1 | 2 | 45 | 24 | 77.60 | 1 | 1 | 0.00 | 0.00 |
| History - World | 0 | 5 | 1 | 0 | 45 | 56 | 74.80 | 0 | 0 | 0.00 | 0.00 |
| Science - Chemistry | 0 | 5 | 1 | 0 | 45 | 41 | 59.80 | 1 | 2 | 0.00 | 0.00 |
| Science - Physics | 0 | 5 | 2 | 1 | 40 | 50 | 64.40 | 0 | 1 | 0.00 | 0.00 |
| Social Science | 0 | 4 | 0 | 0 | 40 | 50 | 64.00 | 2 | 3 | 0.00 | 0.00 |
| Mythology | 0 | 6 | 4 | 1 | 40 | 57 | 74.00 | 1 | 3 | 0.00 | 0.00 |
| Science - Biology | 0 | 5 | 2 | 2 | 40 | 46 | 77.40 | 0 | 2 | 0.00 | 0.00 |
| History - Other | 0 | 4 | 1 | 0 | 35 | 60 | 87.25 | 1 | 3 | 0.00 | 0.00 |
| Literature - American | 0 | 5 | 3 | 0 | 35 | 26 | 47.40 | 3 | 5 | 0.00 | 0.00 |
| Fine Arts - Other | 0 | 4 | 2 | 2 | 30 | 63 | 90.25 | 0 | 1 | 0.00 | 0.00 |
| History - European | 0 | 3 | 1 | 0 | 25 | 40 | 64.33 | 1 | 1 | 0.00 | 0.00 |
| Pop Culture | 0 | 2 | 0 | 1 | 20 | 64 | 87.00 | 0 | 0 | 0.00 | 0.00 |
| Geography | 0 | 2 | 2 | 1 | 10 | 60 | 80.00 | 1 | 2 | 0.00 | 0.00 |
| History - American | 0 | 2 | 3 | 1 | 5 | 32 | 60.50 | 1 | 1 | 0.00 | 0.00 |
| Religion | 0 | 3 | 6 | 1 | 0 | 48 | 73.67 | 1 | 2 | 0.00 | 0.00 |